Corgoň liga - 2. kolo

Bibliographic Details
Format: Article
Language:Slovak
PhysicalDescription:Tab.
ISSN:0139-7001
Subjects:

MARC

LEADER 00000nab a2200000 ar4500
001 vtls009936145
003 SK-MaSNL
005 20260303045301.0
008 090804c20090720xo wr|p|||||||000 b|slo
015 |a SNBRBL2009/08 
038 |a SNKBUCL 
040 |a SNKBUCL  |b slo  |c SNKBUCL  |e AACR2 
041 0 |a slo 
044 |a xo  |c SK 
080 |a 796.332.093.1  |2 2001 
245 0 0 |a Corgoň liga - 2. kolo 
300 |b Tab. 
648 7 |a sezóna 2009/2010  |2 snkbucl  |9 1034617 
650 0 7 |a futbal  |2 snkbucl  |9 3291 
650 0 7 |a Corgoň liga  |2 snkbucl  |9 848915 
650 0 7 |a 2. kolo  |2 snkbucl  |9 879640 
773 0 |t Šport  |g Roč. 63, č. 166 (20.7.2009), s. 2-8  |x 0139-7001 
852 |a SNK  |b KIS3GCP 
999 |c 1703213  |d 1705143